00390nam a22001337a 450000500170000000800410001704100120005808200130007010000130008324500380009626000650013430000310019965000260023020240807082908.0240807b |||||||| |||| 00| 0 eng d aEnglish a349 TRA  lEnglish  aTransvaal Law Reports: High Court aGrahamstown, Cape Colony: bAfrican Book Company Ltd, c1908 bviii, 213 pages; c25 cm.  aLegal practice bLaw